Čachtické noviny dvojmesačník obce Čachtice

Bibliographic Details
Other Authors: Novotná, Alena (Publishing director)
Format: Journal
Language:Slovak
PhysicalDescription:zv. 30 cm
Published: Čachtice Obecný úrad 1995-
ISSN:2453-7268
Subjects:

MARC

LEADER 00000cas a2200000 a 4500
001 vtls008771093
003 SK-MaSNL
005 20260228160545.0
008 060607c19959999xo qr|p 0 b0slo
022 |a 2453-7268 
040 |a SNK  |b slo  |c SNK  |e AACR2 
041 0 |a slo 
043 |a e-xo--- 
044 |a xo  |c SK 
072 7 |a 352/354  |x Stupne miestnej, oblastnej a ústrednej správy  |2 konspekt 
072 7 |a 316.7  |x Sociológia kultúry. Kultúrny život  |2 konspekt 
072 7 |a 394  |x Verejný a spoločenský život. Každodenný život  |2 konspekt 
080 |a 394  |2 2011 
080 |a 316.728  |2 2011 
080 |a 050  |2 2011 
080 |a (051)+(054)  |2 2011 
080 |a (437.6)  |2 2011 
080 |a 352  |2 2011 
210 0 |a Čachtické nov. 
222 0 |a Čachtické noviny 
245 0 0 |a Čachtické noviny  |b dvojmesačník obce Čachtice 
260 |a Čachtice  |b Obecný úrad  |c 1995- 
300 |a zv.  |c 30 cm 
310 |a 4x ročne  |b 2015- 
321 |a 6x ročne  |b 1995-2009 
362 0 |a Roč. I, č. 1 (august 1995)- 
500 |a Časopis v r. 2010-2014 nevychádzal 
500 |a Do r. 2009 priebežné číslovanie čísiel 
500 |a Evidenčné číslo MK SR: EV 5165/15 
500 |a Šéfredaktor: 1/1995-83/2009, Alena Novotná 
515 |a Niektoré čísla vychádzajú ako dvojčíslo 
515 |a Č. 69, 70/2007 označenie roč. XIV ; č. 1 v r. 2016 označené ako č. 4 
650 0 7 |a miestna správa  |2 SNKPH  |9 29496 
650 0 7 |a spoločenský život  |2 SNKPH  |9 28654 
651 7 |a Čachtice (Slovensko)  |2 SNKPHgeo  |9 169311 
655 7 |a miestne periodiká  |2 SNKPH  |9 160938 
700 1 |a Novotná, Alena  |4 pbd  |9 266879 
710 1 |a Čachtice (Slovensko).  |b Obecný úrad  |4 pbl  |9 32768 
910 |a snk 
999 |c 2967  |d 4897 
952 |0 0  |1 0  |4 0  |7 0  |8 0  |a SNK  |b SNK  |d 2019-08-15  |i snk2019/20874  |l 0  |o snkČSB 7228/3/1997  |p 17A1369964  |r 2026-02-21 22:28:46  |t č. 10-15  |w 2026-02-21  |y PREZ 
952 |0 0  |1 0  |4 0  |7 0  |8 0  |a SNK  |b SNK  |d 2019-08-15  |i snk2019/20876  |l 0  |o snkČSB 7228/4/1998  |p 17A1369963  |r 2026-02-21 22:28:49  |t č. 16-21  |w 2026-02-21  |y PREZ 
952 |0 0  |1 0  |4 0  |7 0  |8 0  |a SNK  |b SNK  |d 2019-08-15  |i snk2019/20877  |l 0  |o snkČSB 7228/5/1999  |p 17A1369962  |r 2026-02-21 22:28:50  |t č. 22-26  |w 2026-02-21  |y PREZ 
952 |0 0  |1 0  |4 0  |7 0  |8 0  |a SNK  |b SNK  |d 2019-08-15  |i snk2019/20878  |l 0  |o snkČSB 7228/6/2000  |p 17A1369961  |r 2026-02-21 22:28:50  |t č. 27-32  |w 2026-02-21  |y PREZ 
952 |0 0  |1 0  |4 0  |7 0  |8 0  |a SNK  |b SNK  |d 2019-08-15  |i snk2019/20879  |l 0  |o snkČSB 7228/7/2001  |p 17A1369960  |r 2026-02-21 22:28:50  |t č. 33-38 + príl.  |w 2026-02-21  |y PREZ  |z Č. 38 obsahuje príl.:Všeobecné záväzné nariadenie ... 
952 |0 0  |1 0  |4 0  |7 0  |8 0  |a SNK  |b SNK  |d 2019-08-15  |i snk2019/20880  |l 0  |o snkČSB 7228/8/2002  |p 17A1369959  |r 2026-02-21 22:28:50  |t č. 39-44  |w 2026-02-21  |y PREZ 
952 |0 0  |1 0  |4 0  |7 0  |8 0  |a SNK  |b SNK  |d 2019-08-15  |i snk2019/20881  |l 0  |o snkČSB 7228/9/2003  |p 17A1369958  |r 2026-02-21 22:28:50  |t č. 45-50 + príl.  |w 2026-02-21  |y PREZ  |z Č. 46 obsahuje príl.: Všeobecné záväzné nariadenie obce... 
952 |0 0  |1 0  |4 0  |7 0  |8 0  |a SNK  |b SNK  |d 2019-08-15  |i snk2019/20882  |l 0  |o snkČSB 7228/10/2004  |p 17A1369957  |r 2026-02-21 22:28:50  |t č. 51-56 + príl.  |w 2026-02-21  |y PREZ  |z Č. 56 obsahuje príl.: Všeobecné záväzné nariadenie... 
952 |0 0  |1 0  |4 0  |7 0  |8 0  |a SNK  |b SNK  |d 2019-08-15  |i snk2019/20885  |l 0  |o snkČSB 7228/11/2005  |p 17A1369956  |r 2026-02-21 22:28:50  |t č. 57-62  |w 2026-02-21  |y PREZ 
952 |0 0  |1 0  |4 0  |7 0  |8 0  |a SNK  |b SNK  |d 2019-08-15  |i snk2019/20892  |l 0  |o snkČSB 7228/12/2006  |p 17A1369955  |r 2026-02-21 22:28:50  |t č. 63-68  |w 2026-02-21  |y PREZ 
952 |0 0  |1 0  |4 0  |7 0  |8 0  |a SNK  |b SNK  |d 2019-08-15  |i snk2019/20895  |l 0  |o snkČSB 7228/14[13]/2007  |p 17A1369954  |r 2026-02-21 22:28:50  |t č. 69-73 + príl.  |w 2026-02-21  |y PREZ  |z Príl.: Tatrín 1847 - 2007 ( vyšla samostatne) ; č. 69, 70 označenie roč. XIV 
952 |0 0  |1 0  |4 0  |7 0  |8 0  |a SNK  |b SNK  |d 2019-08-15  |i snk2019/20902  |l 0  |o snkČSB 7228/14/2008  |p 17A1369953  |r 2026-02-21 22:28:50  |t č. 74-78  |w 2026-02-21  |y PREZ 
952 |0 0  |1 0  |4 0  |7 0  |8 0  |a SNK  |b SNK  |d 2019-08-15  |i snk2019/20903  |l 0  |o snkČSB 7228/15/2009  |p 17A1369952  |r 2026-02-21 22:28:50  |t č. 79-83  |w 2026-02-21  |y PREZ 
952 |0 0  |1 0  |4 0  |7 0  |8 0  |a SNK  |b SNK  |d 2019-08-15  |i snk2019/20927  |l 0  |o snkČSB 7228/1/2015  |p 17A1369951  |r 2026-02-21 22:28:50  |t č. 1-3  |w 2026-02-21  |y PREZ 
952 |0 0  |1 0  |4 0  |7 0  |8 0  |a SNK  |b SNK  |d 2019-08-14  |i snk2019/20815  |l 0  |o snkČSB 7228/1/1995  |p 17A1369966  |r 2026-02-21 22:28:52  |t č. 1-3  |w 2026-02-21  |y PREZ 
952 |0 0  |1 0  |4 0  |7 0  |8 0  |a SNK  |b SNK  |d 2019-08-14  |i snk2019/20824  |l 0  |o snkČSB 7228/2/1996  |p 17A1369965  |r 2026-02-21 22:28:52  |t č. 4-9  |w 2026-02-21  |y PREZ 
952 |0 0  |1 0  |4 0  |7 0  |8 0  |a SNK  |b SNK  |d 2019-08-16  |i snk2019/20980  |l 0  |o snkČSB 7228/3/2017  |p 17A1369949  |r 2026-02-21 22:28:53  |t č. 1-4  |w 2026-02-21  |y PREZ 
952 |0 0  |1 0  |4 0  |7 0  |8 0  |a SNK  |b SNK  |d 2019-08-16  |i snk2019/20981  |l 0  |o snkČSB 7228/4/2018  |p 17A1369948  |r 2026-02-21 22:28:53  |t č. 1-4  |w 2026-02-21  |y PREZ 
952 |0 0  |1 0  |4 0  |7 0  |8 0  |a SNK  |b SNK  |d 2019-08-15  |i snk2019/20931  |l 0  |o snkČSB 7228/2/2016  |p 17A1369950  |r 2026-02-21 22:28:55  |t č. [1]-4  |w 2026-02-21  |y PREZ  |z Č. 1 označené ako č. 4